Statistics for Former Cuban Consulates in America (Special Edition)

Click here to take the quiz!

General Stats

  • This quiz has been taken 22 times
  • The average score is 17 of 23

Answer Stats

Year ClosedCity% Correct
1961Boston
100%
1961Chicago
100%
1961Los Angeles
100%
1961Miami
100%
1961New York City
100%
1960Jacksonville
95%
1961New Orleans
95%
1958Detroit
89%
1960Houston
89%
1961Philadelphia
89%
1961San Francisco
89%
1960Saint Louis
84%
1960Tampa
79%
1957Kansas City
74%
1961Baltimore
68%
1957Cincinnati
68%
1932Honolulu
53%
1961Savannah
47%
1961Key West
37%
1961Mobile
37%
1960San Juan
37%
1961Norfolk
26%
1960Galveston
16%

Score Distribution

Percentile by Number Answered

Percent of People with Each Score

Your Score History

You have not taken this quiz